000 00585nam a2200169 4500
001 137875
003 ES-MaACL
005 20230906195446.0
007 t|
008 070214s1971 sp rd ||||1| spa d
100 1 _aSalto Dolla, Angel.
_9102043
245 1 0 _aDiccionario de términos de proceso de datos :
_bdefinición de 2.500 térmimos de informática y vocabulario completo español-inglés /
_cÁngel Salto Dolla.
260 _aMadrid :
_bParaninfo,
_c1971.
300 _a446 p. ;
_c22 cm.
650 4 _aProceso de datos-
_vDiccionarios.
_9172125
852 _aES-MaACL
_jC-46883
999 _c137875
_d137875